Gerakan moderen Islam di Indonesia 1900-1942

Bibliographic Details
Main Author: Noer, Deliar , 1926- (Author)
Format: Book
Published: Jakarta : LP3ES , 1980
Subjects:

MARC

LEADER 00000cam a2200000 7i4500
001 0000006376
005 20080709093000.0
008 021119s1980
090 0 0 |a BP63.I5   |b N63 
100 0 |a Noer, Deliar ,   |d 1926- ,   |e author 
240 0 4 |a The modernist Muslim movement in Indonesia 1900-1942   |l [Bahasa Indonesia] 
245 0 0 |a Gerakan moderen Islam di Indonesia 1900-1942   |c Deliar Noer 
260 2 |a Jakarta :   |b LP3ES ,   |c 1980 
300 |a 376 ms. ;   |c 22 sm. 
650 0 |a Islam   |z Indonesia 
651 0 |a Indonesia   |x History 
999 |a 1000001483   |b Book   |c OPEN SHELF (30 DAYS)   |e Gong Badak Campus 
999 |a 1000001484   |b Book   |c OPEN SHELF (30 DAYS)   |e Gong Badak Campus 
999 |a 1000001485   |b Book   |c OPEN SHELF (30 DAYS)   |e Gong Badak Campus 
999 |a 1000058700   |b Book   |c OPEN SHELF (30 DAYS)   |e Gong Badak Campus 
999 |a 1000058803   |b Book   |c OPEN SHELF (30 DAYS)   |e Gong Badak Campus